|
|
|
|
| LEADER |
01112nam a2200361 4500 |
| 001 |
DLU090096090 |
| 005 |
##20091201 |
| 040 |
# |
# |
|a DLU
|b eng
|
| 041 |
# |
# |
|a eng
|
| 044 |
# |
# |
|a us
|
| 245 |
# |
# |
|a Inactivation of Cryptosporidium parvum oocysts and Clostridium perfringens spores by a mixed-oxidant disinfectant and by free chlorine /
|c L. V. Venczel ... [et al.].
|
| 653 |
# |
# |
|a Bacteria
|
| 653 |
# |
# |
|a Chlorine
|
| 653 |
# |
# |
|a Clostridium perfringens
|
| 653 |
# |
# |
|a Cryptosporidium parvum
|
| 653 |
# |
# |
|a Disinfecting agent
|
| 653 |
# |
# |
|a Disinfection
|
| 653 |
# |
# |
|a Drinking water treatment
|
| 653 |
# |
# |
|a Oxidant
|
| 700 |
# |
# |
|a Arrowood, M.
|
| 700 |
# |
# |
|a Hurd, M.
|
| 700 |
# |
# |
|a Sobsey, M. D.
|
| 700 |
# |
# |
|a Venczel, L. V.
|
| 773 |
# |
# |
|t Applied and Environmental Microbiology
|g Vol. 63, no. 4 (April 1997), p. 1598-1601
|
| 920 |
# |
# |
|a Phòng Tạp chí -- Trung tâm Thông tin - Thư viện Trường Đại học Đà Lạt
|
| 994 |
# |
# |
|a DLU
|
| 900 |
# |
# |
|a True
|
| 911 |
# |
# |
|a Trương Bảo Trâm Anh
|
| 925 |
# |
# |
|a G
|
| 926 |
# |
# |
|a A
|
| 927 |
# |
# |
|a BB
|
| 980 |
# |
# |
|a Thư viện Trường Đại học Đà Lạt
|